Το μουσείο φυσικών επιστημών και ο ρόλος του στην κατανόηση φυσικών φαινομένων από παιδιά προσχολικής και πρωτοσχολικής ηλικίας : διπλωματική εργασία [πτυχιακή εργασία]
Αποθηκεύτηκε σε:
| Κύριος συγγραφέας: | |
|---|---|
| Συγγραφή απο Οργανισμό/Αρχή: | |
| Άλλοι συγγραφείς: | |
| Μορφή: | Thesis Βιβλίο |
| Γλώσσα: | Greek |
| Δημοσίευση: |
2009
|
| Θέματα: | |
| Διαθέσιμο Online: | http://hdl.handle.net/11610/7512 |
| Ετικέτες: |
Προσθήκη ετικέτας
Δεν υπάρχουν, Καταχωρήστε ετικέτα πρώτοι!
|
MARC
| LEADER | 00000cam a2200000 i 4500 | ||
|---|---|---|---|
| 001 | 1/17394 | ||
| 008 | 120124s2009 gre d | ||
| 035 | |l 10111698 | ||
| 040 | |a GR-MY-UA |b gre |e aacr | ||
| 041 | 0 | |a gre | |
| 082 | 0 | |a 069.15 |2 (22) | |
| 100 | 1 | |a Τσιακαρδώνη, Μαρία. | |
| 245 | 1 | 3 | |a Το μουσείο φυσικών επιστημών και ο ρόλος του στην κατανόηση φυσικών φαινομένων από παιδιά προσχολικής και πρωτοσχολικής ηλικίας : |b διπλωματική εργασία [πτυχιακή εργασία] / |c Τσιακαρδώνη Μαρία ; επιβλέπων: Χατζηγεωργίου Ιωάννης |
| 260 | |c 2009 | ||
| 300 | |a 103 σ.; |b πιν., εικ.; |c 30 εκ. | ||
| 500 | |a Μέλη εξεταστικής επιτροπής: Κόνσολας Εμμανουήλ, Σταμάτης Παναγιώτης | ||
| 502 | |a Πτυχιακή εργασία – Πανεπιστήμιο Αιγαίου, Ρόδος, 2009. | ||
| 504 | |a Βιβλιογραφία: σ. 75-76 | ||
| 650 | 0 | 0 | |a Museums |x Educational aspects. |
| 650 | 0 | 0 | |a Science museums |x Educational aspects. |
| 650 | 0 | 0 | |a Science |x Study and teaching. |
| 650 | 0 | 0 | |a Constructivism (Education) |
| 650 | 0 | 0 | |a Dissertations, Academic |z Greece. |
| 700 | 1 | |a Χατζηγεωργίου, Γιάννης. |4 ths | |
| 710 | 2 | |a Πανεπιστήμιο Αιγαίου |b Σχολή Ανθρωπιστικών Επιστημών |b Τμήμα Επιστημών της Προσχολικής Αγωγής και του Εκπαιδευτικού Σχεδιασμού. | |
| 852 | |a INST |b RHODES |c DIATR |e 20120124 |h 069.15 ΤΣΙ |p 005400032427 |q 005400032427 |t DIE |y 23 | ||
| 852 | |a INST |b RHODES |c DIATR |e 20120124 |h 069.15 ΤΣΙ |p 005400032428 |q 005400032428 |t DIE |y 23 | ||
| 856 | |u http://hdl.handle.net/11610/7512 | ||
| 901 | |a BIBL4-2012-1 | ||
| 909 | |a Ρ |b 159659 | ||
| 909 | |a Ρ |b 159660 | ||
| 924 | |a ΤΣΙΑΚΑΡΔΩΝΗ |b ΜΑΡΙΑ |y ΡΟΔΟΣ |z 2009-07 | ||
| 970 | |z 2012/01/24 | ||